Německo - mýtus a realita politika v SRN 1998-2017

Guardado en:
Detalles Bibliográficos
Autor principal: Valenta, Aleš
Formato: Libro
Lenguaje:checo
Publicado: Praha Mladá fronta/Institut Václava Klause 2018
Edición:1. vydání
Materias:
Etiquetas: Agregar Etiqueta
Sin Etiquetas, Sea el primero en etiquetar este registro!

MARC

LEADER 00000nam a2200000 4500
001 0270279
005 20230109072718.9
020 |a 978-80-204-4961-0 
041 0 |a cze 
044 |a CZ 
245 1 0 |a Německo - mýtus a realita  |b politika v SRN 1998-2017  |c Aleš Valenta 
250 |a 1. vydání 
264 1 |a Praha  |b Mladá fronta/Institut Václava Klause  |c 2018 
300 |a 406 s. 
610 2 0 |a štát 
610 2 0 |a vývoj politický 
610 2 0 |a systémy politické 
610 2 0 |a vláda 
610 2 0 |a strany politické 
610 2 0 |a revolúcia kultúrna 
610 2 0 |a ideológia 
610 2 0 |a multikulturalizmus 
610 2 0 |a migrácia 
610 2 0 |a islam 
610 2 0 |a emancipácia 
610 2 0 |a boj politický 
610 2 0 |a osobnosť 
610 2 0 |a Nemecko 
100 1 |a Valenta, Aleš